Transnistria Country Quiz - Statistics

General Stats
  • This quiz has been taken 101 times
  • The average score is 9 of 20
Answer Stats
Hint Answer % Correct
Claimant country Moldova
91%
Official languages Russian
85%
Official languages Ukrainian
82%
Capital Tiraspol
77%
Official languages Moldavian
74%
Main religion (includes subdivision) Eastern Orthodox Christianity
59%
Currency Transnistrian ruble
57%
Only states to recognise Transnistria South Ossetia
54%
Only states to recognise Transnistria Abkhazia
50%
hammer and sickle Only country to use {hammer} and {sickle} on flag
45%
River which it is along Dniester river
42%
Only states to recognise Transnistria Artsakh
38%
Second largest city Bender
35%
Vladimir Lenin Transnistria has the biggest bust of {Vladimir Lenin} on Earth
26%
Other names for Transnistria Pridnestrovia
19%
President Vadim Krasnoselsky
9%
Other names for Transnistria Transdniestria
8%
Leading industry Steel
7%
Prime Minister Aleksandr Martynov
3%
Proposal in 2003 of a final settlement on Transnistria and its claimant country Kozak memorandum
3%
No matching quizzes found
Score Distribution
Percent of People with Each Score
Percentile by Number Answered
Your Score History
You have not taken this quiz